000 00517nam a2200169 4500
999 _c1321
_d1321
008 200122b ||||| |||| 00| 0 eng d
020 _a0900976144
082 0 0 _a623.865
_bV646
100 _9913
_aVictory, G.
245 1 0 _aFire fighting equipment and its use in ships /
_cby G. Victory and J. H. Owen
260 _aLondon:
_bIME,
_c1974.
300 _a96 p.
490 0 _aMarine Engineering Practice;
_vVol.1, Part 5
650 0 _aShips-- Fires and Fire Prevention
700 _9915
_aOwen, J. H.
942 _2ddc
_cBK